[Event "XLVIII C.to Torinese Assoluto 2003"]
[Site "Torino ITA"]
[Date "2004.01.??"]
[Round "5"]
[White "Giacomasso, Enrico"]
[Black "Ragni, Paolo"]
[WhiteElo "1903"]
[BlackElo "2093"]
[Result "1-0"]
[PlyCount "103"]
[EventDate "2004.01.??"]

1. e4 e5 2. Nf3 Nc6 3. Bc4 Nf6 4. Nc3 Bb4 5. O-O d6 6. d3 Bg4 7. a3 Ba5 8. h3
Bh5 9. Bg5 Bxc3 10. bxc3 h6 11. Be3 Qd7 12. Rb1 Na5 13. Bb5 c6 14. Ba4 g5 15.
Qe2 g4 16. Nh4 gxh3 17. f3 hxg2 18. Nxg2 Ke7 19. Kf2 Rag8 20. Rh1 b5 21. Bb3
Nxb3 22. cxb3 Qe6 23. Nh4 Bg6 24. c4 a6 25. Qd2 Nd7 26. Bxh6 f5 27. Qg5+ Qf6
28. Rbg1 Bh7 29. Qh5 Ke6 30. Bg5 Qf7 31. exf5+ Bxf5 32. Qxf7+ Kxf7 33. Nxf5
Rxh1 34. Rxh1 Rxg5 35. Nxd6+ Ke7 36. Ne4 Rg6 37. Rh7+ Ke6 38. b4 bxc4 39. dxc4
Nb6 40. Rc7 Kf5 41. Ng3+ Kg5 42. c5 Nc4 43. Ra7 Rh6 44. Nf1 Nxa3 45. Rxa6 Nb5
46. Ra8 Rh7 47. Rg8+ Kf5 48. Ne3+ Kf6 49. Ng4+ Kf5 50. Rf8+ Ke6 51. Re8+ Kd7
52. Nf6+ 1-0

[Event "XLVIII C.to Torinese Assoluto 2003"]
[Site "Torino ITA"]
[Date "2004.01.??"]
[Round "5"]
[White "Giovine, Michele"]
[Black "De Barberis, Massimo"]
[WhiteElo "1836"]
[BlackElo "2102"]
[Result "0-1"]
[PlyCount "68"]
[EventDate "2004.01.??"]

1. e4 c6 2. d4 g6 3. c4 d5 4. exd5 cxd5 5. c5 Nf6 6. b4 Bg7 7. Bb2 O-O 8. b5
Bg4 9. f3 Bf5 10. Bd3 Bxd3 11. Qxd3 a6 12. b6 Nc6 13. Ne2 Nd7 14. Nbc3 e5 15.
f4 exd4 16. Na4 Qe7 17. O-O Rfe8 18. Nxd4 Nxc5 19. Nxc6 bxc6 20. Qc2 Qe3+ 21.
Kh1 Nxa4 22. Bxg7 Kxg7 23. Qxa4 Qxb6 24. Rab1 Qc7 25. f5 Re4 26. f6+ Kg8 27.
Qc2 Rae8 28. Qc1 Qd6 29. Rb6 R4e6 30. Qg5 Rxf6 31. Rc1 Rf5 32. Qd2 Rfe5 33. h3
Re2 34. Qg5 Re1+ 0-1

[Event "XLVIII C.to Torinese Assoluto 2003"]
[Site "Torino ITA"]
[Date "2004.01.??"]
[Round "5"]
[White "Settis, Massimo"]
[Black "Bianco, Daniele"]
[WhiteElo "1963"]
[BlackElo "1674"]
[Result "1/2-1/2"]
[PlyCount "67"]
[EventDate "2004.01.??"]

1. c4 e6 2. Nf3 d5 3. g3 dxc4 4. Na3 Bxa3 5. bxa3 b5 6. Bg2 Bb7 7. a4 a6 8. Qc2
Nd7 9. Qb2 Qf6 10. axb5 axb5 11. Rb1 Bc6 12. O-O Qxb2 13. Bxb2 Ne7 14. Bxg7 Rg8
15. Bc3 Rxa2 16. Ra1 Ra4 17. Nd4 Bxg2 18. Kxg2 c6 19. Rxa4 bxa4 20. Ra1 c5 21.
Nb5 Nb6 22. Ba5 Nec8 23. Nd6+ Nxd6 24. Bxb6 Kd7 25. Rxa4 Kc6 26. Ba5 Ra8 27.
Ra1 Ne4 28. d3 cxd3 29. exd3 Nd2 30. Bc3 Rxa1 31. Bxa1 Kb5 32. Bc3 Nb1 33. Be1
c4 34. dxc4+ 1/2-1/2

[Event "XLVIII C.to Torinese Assoluto 2003"]
[Site "Torino ITA"]
[Date "2004.01.??"]
[Round "6"]
[White "Bianco, Daniele"]
[Black "Fassio, Luca"]
[WhiteElo "1674"]
[BlackElo "2123"]
[Result "1-0"]
[PlyCount "55"]
[EventDate "2004.01.??"]

1. d4 g6 2. e4 Bg7 3. Nc3 d6 4. Be3 c6 5. f3 b5 6. Qd2 Nd7 7. a4 b4 8. Nd1 a5
9. g4 Ngf6 10. h4 h5 11. g5 Nh7 12. Bd3 Nhf8 13. Ne2 e5 14. f4 exf4 15. Nxf4
Qe7 16. c3 bxc3 17. Nxc3 Ne6 18. Nxe6 Qxe6 19. d5 Qg4 20. Be2 Qg2 21. Rg1 Qh3
22. dxc6 Ne5 23. Nd5 O-O 24. O-O-O Nxc6 25. Nf6+ Bxf6 26. gxf6 Qxh4 27. Bh6
Qxe4 28. Bxf8 1-0

[Event "XLVIII C.to Torinese Assoluto 2003"]
[Site "Torino ITA"]
[Date "2004.01.??"]
[Round "6"]
[White "De Barberis, Massimo"]
[Black "Pulito, Alberto"]
[WhiteElo "2102"]
[BlackElo "2091"]
[Result "1/2-1/2"]
[PlyCount "50"]
[EventDate "2004.01.??"]

1. d4 e6 2. Nf3 d5 3. Bf4 Bd6 4. Bxd6 Qxd6 5. c3 Nf6 6. e3 Nbd7 7. Bd3 b6 8.
Nbd2 Bb7 9. O-O O-O 10. Qe2 Ne4 11. Rad1 f5 12. Bb5 c6 13. Bd3 Qc7 14. Ba6 Bxa6
15. Qxa6 Rf6 16. Qe2 Rh6 17. g3 Kh8 18. Nxe4 dxe4 19. Ne5 Nxe5 20. dxe5 Qxe5
21. Rd7 g5 22. Rfd1 Rg8 23. R1d6 f4 24. Qg4 Qf6 25. Rxc6 fxe3 1/2-1/2

[Event "XLVIII C.to Torinese Assoluto 2003"]
[Site "Torino ITA"]
[Date "2004.01.??"]
[Round "6"]
[White "Faraoni, Enrico"]
[Black "Cordara, Michele"]
[WhiteElo "2164"]
[BlackElo "2187"]
[Result "0-1"]
[PlyCount "84"]
[EventDate "2004.01.??"]

1. e4 c5 2. Nf3 d6 3. Bb5+ Nd7 4. O-O Ngf6 5. d4 a6 6. Bxd7+ Nxd7 7. e5 cxd4 8.
exd6 e5 9. Nxd4 Nf6 10. d7+ Bxd7 11. Re1 Bd6 12. Nf3 Bg4 13. h3 Bxf3 14. Qxf3
Qb6 15. Bg5 O-O-O 16. Nc3 Bc7 17. Rad1 Rxd1 18. Rxd1 Rd8 19. Rxd8+ Bxd8 20.
Qf5+ Kb8 21. Qxe5+ Bc7 22. Qe7 Qxb2 23. Qe1 Qxc2 24. Bxf6 gxf6 25. Nd5 Be5 26.
Nb4 Qc3 27. Qxc3 Bxc3 28. Nd5 Bd4 29. Kf1 b5 30. Ke2 Kb7 31. Kd3 Ba1 32. Ne7
Kc7 33. Nf5 Kd7 34. Nd4 Kd6 35. Nf5+ Ke6 36. Ne3 Bb2 37. Kc2 Bd4 38. Nd1 Kd5
39. Kb3 a5 40. Nc3+ Bxc3 41. Kxc3 Ke4 42. a3 h5 0-1

[Event "XLVIII C.to Torinese Assoluto 2003"]
[Site "Torino ITA"]
[Date "2004.01.??"]
[Round "6"]
[White "Pepino, Enrico"]
[Black "Giacomasso, Enrico"]
[WhiteElo "2076"]
[BlackElo "1903"]
[Result "1-0"]
[PlyCount "205"]
[EventDate "2004.01.??"]

1. e4 d5 2. exd5 Nf6 3. c4 c6 4. Nc3 cxd5 5. cxd5 Qa5 6. Bc4 g6 7. Nge2 Bg7 8.
Qa4+ Qxa4 9. Nxa4 O-O 10. Nac3 Nbd7 11. d3 Nb6 12. Be3 Nxc4 13. dxc4 Bf5 14.
Rd1 Rfd8 15. Nd4 Rac8 16. b3 Ng4 17. Ke2 Nxe3 18. Kxe3 Bd7 19. f3 a6 20. a4 h5
21. Rhe1 Be5 22. g3 Bd6 23. Ne4 Bb4 24. Re2 Be8 25. Nc2 Ba5 26. b4 Bc7 27. a5
Bb8 28. c5 Ba4 29. Rdd2 Bxc2 30. Rxc2 Rxd5 31. Red2 Rdd8 32. Rxd8+ Rxd8 33. Rd2
Rxd2 34. Nxd2 Kf8 35. Ke4 Ke8 36. f4 Kd7 37. Nb3 e6 38. Kd4 Kc6 39. Kc4 e5 40.
fxe5 Bxe5 41. Nd2 h4 42. Nf3 Bf6 43. gxh4 Bb2 44. h3 Ba1 45. Ne1 Bf6 46. Nd3
Ba1 47. Nf4 Be5 48. Ne2 Bf6 49. h5 gxh5 50. Ng3 h4 51. Nf5 Bd8 52. Nd4+ Kd7 53.
Kd5 Bf6 54. Nf5 Bc3 55. Kc4 Be1 56. Nd6 Kc6 57. Nxf7 Bg3 58. Nh6 Be1 59. Nf5
Bf2 60. Nd4+ Kc7 61. Kd5 Be1 62. Nc2 Bc3 63. Kc4 Bd2 64. Nd4 Be1 65. Nf3 Bf2
66. Kd5 Bg3 67. Kc4 Kc6 68. Nd4+ Kc7 69. b5 axb5+ 70. Kxb5 Bf2 71. Ne6+ Kd7 72.
Ng5 Kc7 73. Ne4 Be3 74. Nc3 Bf2 75. Nd5+ Kb8 76. Kb6 Bg3 77. a6 bxa6 78. Kxa6
Kc8 79. Kb6 Bf2 80. Kc6 Bg3 81. Ne7+ Kd8 82. Nf5 Bf2 83. Kd5 Kd7 84. c6+ Kc7
85. Ng7 Bg3 86. Ne6+ Kb6 87. Nd4 Kc7 88. Nf5 Bf2 89. Ne7 Bg3 90. Ng6 Bf2 91.
Ne5 Bg3 92. Nd3 Bd6 93. Nc5 Bg3 94. Ne4 Bh2 95. Kc5 Bg1+ 96. Kb5 Be3 97. Nf6
Bf2 98. Nd5+ Kc8 99. Ka6 Bg3 100. Kb5 Bh2 101. Kc5 Bg1+ 102. Kd6 Bd4 103. c7
1-0

[Event "XLVIII C.to Torinese Assoluto 2003"]
[Site "Torino ITA"]
[Date "2004.01.??"]
[Round "6"]
[White "Ragni, Paolo"]
[Black "Sorcinelli, Francesco"]
[WhiteElo "2093"]
[BlackElo "2065"]
[Result "0-1"]
[PlyCount "84"]
[EventDate "2004.01.??"]

1. d4 Nf6 2. c4 g6 3. Nc3 Bg7 4. g3 O-O 5. Bg2 d6 6. Nf3 c5 7. O-O Nc6 8. d5
Na5 9. Nd2 a6 10. Qc2 Rb8 11. a4 e6 12. e4 exd5 13. exd5 Bf5 14. Nce4 Ng4 15.
Rb1 Re8 16. b3 b5 17. axb5 axb5 18. Re1 bxc4 19. bxc4 Bd4 20. Re2 Rxb1 21. Qxb1
Bxe4 22. Bxe4 f5 23. Bd3 Rxe2 24. Bxe2 Bxf2+ 25. Kg2 Be3 26. Bxg4 fxg4 27. Qe4
Bd4 28. Qxg4 Qe8 29. h4 h5 30. Qd1 Qe3 31. Nf3 Nxc4 32. Qf1 Qc3 33. Ng5 Qc2+
34. Kh3 Ne5 35. Qb5 Qf5+ 36. Kg2 Qf2+ 37. Kh3 Qf5+ 38. Kg2 Nd7 39. Bf4 Qe4+ 40.
Kh2 Qc2+ 41. Kh3 Bg1 42. g4 hxg4+ 0-1

[Event "XLVIII C.to Torinese Assoluto 2003"]
[Site "Torino ITA"]
[Date "2004.01.??"]
[Round "6"]
[White "Settis, Massimo"]
[Black "Fortino, Fabrizio"]
[WhiteElo "1963"]
[BlackElo "1786"]
[Result "1-0"]
[PlyCount "79"]
[EventDate "2004.01.??"]

1. c4 Nf6 2. g3 g6 3. Bg2 Bg7 4. Nc3 c6 5. e4 d6 6. Nge2 O-O 7. O-O e5 8. d3
Ne8 9. Be3 h6 10. Qd2 Kh7 11. Rae1 Be6 12. b3 Nc7 13. f4 d5 14. exd5 cxd5 15.
fxe5 Nc6 16. d4 Ne7 17. c5 Nf5 18. Bf2 f6 19. exf6 Bxf6 20. Nf4 Bg8 21. Qd3 Bf7
22. Bh3 Ng7 23. Re2 Bg5 24. Be1 Bxf4 25. Rxf4 Nce6 26. Rxf7 Rxf7 27. Bxe6 Re7
28. Bxd5 Nf5 29. Bf2 Rd7 30. Be4 Nxd4 31. Bxg6+ Kg7 32. Bxd4+ Rxd4 33. Qf5 Qf6
34. Qxf6+ Kxf6 35. Be4 Rb8 36. Kf2 b5 37. c6 b4 38. Ke3 Ke5 39. c7 Rc8 40. Bb7
1-0

[Event "XLVIII C.to Torinese Assoluto 2003"]
[Site "Torino ITA"]
[Date "2004.01.??"]
[Round "6"]
[White "Vinciguerra, Marco"]
[Black "Giovine, Michele"]
[WhiteElo "2141"]
[BlackElo "1836"]
[Result "0-1"]
[PlyCount "30"]
[EventDate "2004.01.??"]

1. d4 e6 2. Nf3 f5 3. c3 Nf6 4. Bg5 Be7 5. Nbd2 Ne4 6. Bxe7 Qxe7 7. Qc2 d5 8.
Nxe4 fxe4 9. Nd2 O-O 10. f3 e3 11. Nb3 e5 12. g4 Bxg4 13. fxg4 Qh4+ 14. Kd1
Qxh2 15. Bg2 Qxh1+ 0-1

[Event "XLVIII C.to Torinese Assoluto 2003"]
[Site "Torino ITA"]
[Date "2004.01.??"]
[Round "7"]
[White "Cordara, Michele"]
[Black "De Barberis, Massimo"]
[WhiteElo "2187"]
[BlackElo "2102"]
[Result "1-0"]
[PlyCount "55"]
[EventDate "2004.01.??"]

1. Nf3 Nf6 2. c4 e6 3. g3 c5 4. Bg2 Nc6 5. b3 Be7 6. O-O O-O 7. Bb2 d6 8. d4
Bd7 9. d5 exd5 10. cxd5 Nb8 11. Nc3 Re8 12. e4 Bg4 13. h3 Bxf3 14. Qxf3 Nbd7
15. Qe2 a6 16. Nd1 Bf8 17. Qc2 b5 18. f4 Rc8 19. Ne3 Qb6 20. Nf5 g6 21. e5 gxf5
22. Qxf5 c4+ 23. Kh2 c3 24. Bxc3 Rxc3 25. exf6 Re2 26. Qg4+ Kh8 27. Qxe2 Nxf6
28. Rac1 1-0

[Event "XLVIII C.to Torinese Assoluto 2003"]
[Site "Torino ITA"]
[Date "2004.01.??"]
[Round "7"]
[White "Fortino, Fabrizio"]
[Black "Ragni, Paolo"]
[WhiteElo "1786"]
[BlackElo "2093"]
[Result "0-1"]
[PlyCount "50"]
[EventDate "2004.01.??"]

1. e4 e5 2. f4 exf4 3. Bc4 Nf6 4. Nc3 c6 5. Bb3 d5 6. exd5 cxd5 7. d4 Be7 8.
Nf3 O-O 9. O-O Bg4 10. Bxf4 Nc6 11. Qd3 Rc8 12. Be5 Bxf3 13. Rxf3 Qd7 14. Rh3
g6 15. Qd2 Rfe8 16. Rf1 Nxe5 17. dxe5 Bc5+ 18. Kh1 Ng4 19. Nxd5 Rxe5 20. Qf4
Rf5 21. Qc1 Rxd5 22. Bxd5 Qxd5 23. Rhf3 Rf8 24. Qf4 h5 25. h3 Bd6 0-1

[Event "XLVIII C.to Torinese Assoluto 2003"]
[Site "Torino ITA"]
[Date "2004.01.??"]
[Round "7"]
[White "Giovine, Michele"]
[Black "Faraoni, Enrico"]
[WhiteElo "1836"]
[BlackElo "2164"]
[Result "0-1"]
[PlyCount "72"]
[EventDate "2004.01.??"]

1. e4 e6 2. d4 d5 3. Nc3 Bb4 4. e5 c5 5. Bd2 Ne7 6. Nb5 Bxd2+ 7. Qxd2 O-O 8. c3
f6 9. exf6 Rxf6 10. Nf3 Nbc6 11. Be2 a6 12. Na3 Ng6 13. Rd1 cxd4 14. cxd4 Qf8
15. O-O Nf4 16. Kh1 Bd7 17. Nc2 Qd6 18. Ne3 Raf8 19. g3 Nxe2 20. Qxe2 Rxf3 21.
Ng4 Nxd4 22. Rxd4 Bb5 23. Qd1 Bxf1 24. Qxf1 h5 25. Ne3 Rxe3 26. Rh4 Qe5 27. Kg2
Re2 28. Rf4 Rxf4 29. gxf4 Qe4+ 30. Kg3 h4+ 31. Kg4 Qf5+ 32. Kf3 Qh5+ 33. Kg2
h3+ 34. Kg3 g5 35. fxg5 Qxg5+ 36. Kf3 Re4 0-1

[Event "XLVIII C.to Torinese Assoluto 2003"]
[Site "Torino ITA"]
[Date "2004.01.??"]
[Round "7"]
[White "Pepino, Enrico"]
[Black "Bianco, Daniele"]
[WhiteElo "2076"]
[BlackElo "1674"]
[Result "1-0"]
[PlyCount "127"]
[EventDate "2004.01.??"]

1. e4 d6 2. d4 Nf6 3. Nc3 g6 4. f4 Bg7 5. Nf3 c5 6. dxc5 Qa5 7. Bd3 Qxc5 8. Qe2
O-O 9. Be3 Qa5 10. O-O Bg4 11. h3 Bxf3 12. Qxf3 Nc6 13. a3 Nd7 14. Bd2 Qb6+ 15.
Kh1 Nc5 16. Rab1 Nxd3 17. cxd3 e6 18. f5 Nd4 19. Qg3 Rfe8 20. f6 Bf8 21. Be3 e5
22. Qh4 Qd8 23. Nd5 Ne6 24. Rbc1 b6 25. Rc3 Rc8 26. Rfc1 Rxc3 27. Rxc3 Qd7 28.
Bh6 Kh8 29. Bxf8 Rxf8 30. Ne7 Ra8 31. Qh6 Qd8 32. Qc1 a5 33. b4 axb4 34. axb4
Nf4 35. g3 Ne2 36. Qh6 Qf8 37. Qxf8+ Rxf8 38. Rc6 Nxg3+ 39. Kg2 Nh5 40. Nd5 h6
41. Rxb6 g5 42. b5 Kh7 43. Rxd6 Rb8 44. b6 Nf4+ 45. Nxf4 gxf4 46. Kf3 Kg6 47.
Rc6 Rb7 48. h4 h5 49. Rd6 Rb8 50. d4 exd4 51. Kxf4 Rb7 52. e5 d3 53. Rxd3 Rxb6
54. Rg3+ Kh6 55. Rg7 Rb4+ 56. Kf5 Rb7 57. Rg8 Kh7 58. Re8 Rb1 59. Re7 Kg8 60.
Kg5 Rg1+ 61. Kxh5 Rg2 62. Re8+ Kh7 63. e6 fxe6 64. f7 1-0

[Event "XLVIII C.to Torinese Assoluto 2003"]
[Site "Torino ITA"]
[Date "2004.01.??"]
[Round "7"]
[White "Pulito, Alberto"]
[Black "Settis, Massimo"]
[WhiteElo "2091"]
[BlackElo "1963"]
[Result "1-0"]
[PlyCount "109"]
[EventDate "2004.01.??"]

1. e4 e5 2. Nf3 Nc6 3. Nc3 Nf6 4. Bb5 Nd4 5. Ba4 Nxf3+ 6. Qxf3 c6 7. d3 d6 8.
Bg5 Be7 9. O-O h6 10. Bxf6 Bxf6 11. Bb3 O-O 12. Ne2 Qe7 13. Ng3 g6 14. c3 Be6
15. Rad1 Bxb3 16. axb3 Bg5 17. d4 Rad8 18. Rfe1 h5 19. Qd3 Kg7 20. h3 Rfe8 21.
Nf1 a6 22. b4 d5 23. Qc2 dxe4 24. Rxe4 Qf6 25. Rde1 Re6 26. Rxe5 Rde8 27. Qe4
Bf4 28. Rxe6 Rxe6 29. Qb1 Qe7 30. Rxe6 Qxe6 31. Qd1 Kf8 32. Nh2 Bxh2+ 33. Kxh2
Qd6+ 34. Kg1 Qd5 35. Qe2 f6 36. Qe3 g5 37. Qg3 Qd7 38. Qf3 Qf7 39. Qf5 Kg7 40.
f4 Qg6 41. Qxg6+ Kxg6 42. fxg5 fxg5 43. Kf2 Kf5 44. Ke3 h4 45. Kf3 b6 46. c4 a5
47. bxa5 bxa5 48. b3 Kf6 49. Kg4 Kg6 50. d5 cxd5 51. cxd5 Kf6 52. d6 Ke6 53.
Kxg5 Kxd6 54. Kxh4 Kc5 55. g4 1-0

[Event "XLVIII C.to Torinese Assoluto 2003"]
[Site "Torino ITA"]
[Date "2004.01.??"]
[Round "7"]
[White "Sorcinelli, Francesco"]
[Black "Nardelli, Marco"]
[WhiteElo "2065"]
[BlackElo "1952"]
[Result "0-1"]
[PlyCount "58"]
[EventDate "2004.01.??"]

1. e4 c5 2. b4 cxb4 3. d4 d5 4. e5 Bf5 5. a3 e6 6. Bd3 Bxd3 7. Qxd3 Nc6 8. Ne2
Nge7 9. O-O Qb6 10. axb4 Nxb4 11. Qb3 Rc8 12. c3 Nbc6 13. Qxb6 axb6 14. Na3 Na5
15. Nb5 Nec6 16. Ba3 Bxa3 17. Rxa3 Nc4 18. Ra4 N6a5 19. Rb1 Ke7 20. Nc1 Nd2 21.
Rb2 Ne4 22. Rc2 Nc4 23. f3 Ne3 24. fxe4 Nxc2 25. exd5 exd5 26. Kf2 Rc4 27. Rxc4
dxc4 28. Ke2 f6 29. Kd1 Ne3+ 0-1